000
00277nam a22001217a 4500
999
_c
159334
_d
159334
082
_a
_b
100
_a
Irfan Habib
245
_a
Post maurayan India 200 BC-AD 300/
_c
by Irfan Habib.
260
_a
New Delhi:
_b
Tulika Book,
_c
300
_a
144p.
650
_a
942
_c
BK